00897nam a2200241 a 450000100060000000300090000600800410001502000180005604000280007404100080010208200150011011001000012524501130022525000110033826000320034930000110038149000160039250000410040865000670044965000390051665000520055565000480060725798CO-ViMGA141112s2004 ck r 000 u spa d a9789587583533 aCO-ViMGAbspacCO-ViMGA aSPA04a303.62 C65 aComisión Nacional de Reparación y Reconciliación (Colombia). Grupo de Memoria Histórica10aLa huella invisible de la guerra : bdesplazamiento forzado en la Comuna 13 / cGrupo de Memoria Histórica a1a ed. aBogotá : bTaurus, c2011 a331 p. aPensamiento aIncluye referencias bibliográficas14aDESPLAZADOS POR LA VIOLENCIA - COMUNA 13 (MEDELLIN, COLOMBIA) 14aDESPLAZAMIENTO FORZADO - COLOMBIA 14aVICTIMAS DE LA VIOLENCIA - ANTIOQUIA (COLOMBIA)14aVIOLENCIA - COMUNA 13 (MEDELLIN, COLOMBIA)